Liedtext - Das kann uns keiner nehmen - Revolverheld - Statistiken

Allgemein
  • Dieses Quiz wurde 255 mal gespielt
  • Das Durchschnittsergebnis liegt bei 175 aus 241
Antwortstatistiken
Textquiz % Korrekt
da
100%
das
99%
Das
99%
uns
99%
kann
98%
keiner
98%
nehmen
98%
die
93%
Die
93%
Und
93%
und
93%
Wir
90%
wir
90%
der
86%
an
84%
Leben
81%
Wie
80%
In
78%
in
78%
sind
78%
ist
77%
den
76%
es
75%
Es
75%
hab'n
74%
Hab'n
74%
noch
73%
immer
72%
Nach
72%
nach
72%
zu
72%
Dass
70%
Gläser
70%
so
70%
nicht
69%
heben
68%
lasst
68%
all
67%
ich
67%
trinken
66%
auf's
65%
Ecke
65%
Kneipe
65%
Jahr'n
64%
wird
63%
Liebe
62%
unsre
62%
viel
62%
alle
61%
Doch
61%
hell
61%
Denn
60%
am
59%
Licht
59%
Stadt
59%
geblieben
58%
jede
58%
Meine
58%
war'n
58%
heut
57%
von
57%
Alte
56%
aus
56%
Brennt
56%
erlebt
56%
Freunde
56%
hier
55%
erste
53%
heute
53%
Neunzigern
53%
Sieht
53%
wenn
53%
Bar
52%
her
52%
komm'
52%
sich
52%
jeden
51%
Uns'rer
51%
Freundschaft
49%
weit
49%
Manche
48%
Abend
47%
ersten
47%
geschrieben
46%
wiedertreffen
46%
ändert
45%
mehr
45%
Schnaps
45%
verbindet
44%
Wand
44%
dafür
41%
rauchen
41%
verändern
41%
verschieden
41%
morgen
40%
Kippen
39%
fein
38%
gesehen
38%
Spaß
38%
zusamm'
38%
rede
37%
Jedes
35%
Klingt
35%
bezahlen
33%
drüber
32%
Momente
32%
wirklich
32%
Wirkt
31%
morgens
30%
Uhr
30%
5
29%
Tresen
28%
Dorf
25%
Keine übereinstimmenden Quizze gefunden
Verteilung der Resultate
Anzahl Personen mit jedem Resultat
Perzentil nach korrekt beantworteten Fragen
Ihre Resultats-Entwicklung
Sie haben dieses Quiz noch nicht gespielt